Železiarstvo na Pohroní v 18. stor. a v prvej polovici 19. stor. (príspevok k problémom manufaktúrneho obdobia)
Uložené v:
| Hlavný autor: | |
|---|---|
| Médium: | Kniha |
| Jazyk: | Slovak |
| Vydavateľské údaje: |
Bratislava
Vydavateľstvo Slovenskej akadémie vied
1966
|
| Tagy: |
Žiadne tagy, Buďte prvý, kto otaguje tento záznam!
|
MARC
| LEADER | 00000nam a2200000 4500 | ||
|---|---|---|---|
| 001 | c122219 | ||
| 005 | 20221128072047.1 | ||
| 041 | 0 | |a slo | |
| 044 | |a SK | ||
| 245 | 1 | 0 | |a Železiarstvo na Pohroní v 18. stor. a v prvej polovici 19. stor. |b (príspevok k problémom manufaktúrneho obdobia) |c Ákoš Pavlinyi |
| 264 | 1 | |a Bratislava |b Vydavateľstvo Slovenskej akadémie vied |c 1966 | |
| 300 | |a 209 s. | ||
| 100 | 1 | |a Pavlinyi, Ákoš | |